000 00353cam a22001217a 4500
008 180718b1996 xxu||||| |||| 00| 0 eng d
020 _a8172380151
100 _aPrasad, Basudeo
245 _aParyavaran pradushan: bachav avom niyantran (Hindi)
_cby Basudeo Prasad
260 _aNew Delhi
_bVenus
_c1996
300 _a88p.
650 _aEnvironment pollution
999 _c405755
_d405755